00979nam a2200217 a 450000500170000000800410001704000250005804100080008311001590009111100950025024501280034525700130047330000130048665000320049965000310053165000290056265000260059165000290061765000290064671000860067520170220124709.0140122b2000 ck ||||| |||| 00| 0 spa d aCO-BoIAVHcCO-BoIAVH aspa aInstituto de Investigación de Recursos Biológicos Alexander von HumboldtbInstituto de Investigación de Recursos Biológicos Alexander von Humboldt aCurso de Gestión Ambiental en Areas ProtegidascSanta Marta, ColombiadAbril 26, 2002n1 aCurso de gestión ambiental en áreas protegidasbsistema de indicadores de seguimiento de la política de biodiversidad aColombia a120 min. aIndicadores de evaluación aIndicadores de seguimiento aIndicadores de gestión aIndicadores de estado aIndicadores de presión aIndicadores de respuesta aUnidad Administrativa Especial del Sistema de Parques Nacionales Naturales UASPNN